Nástroje finančnej pomoci pre európske malé a stredné podniky

Analýza nových finančných nástrojov Spoločenstva pre malé a stredné podniky. Riešenie špecifických problémov malých a stredných podnikov (MSP) EÚ vyplývajúcich z ich obmedzeného prístupu k externým zdrojom financovania. Finančné nástroje Programu pre konkurencieschopnosť a inováciu pre MSP. Význam i...

Full description

Saved in:
Bibliographic Details
Main Author: Fetisovová, Elena
Other Authors: Nagy, Ladislav
Format: Book Chapter
Language:Slovak
Subjects:
Tags: Add Tag
No Tags, Be the first to tag this record!

MARC

LEADER 00000nla$a2200000$$$4500
001 0069989
005 20240502071837.8
041 0 |a slo 
044 |a SK 
245 1 0 |a Nástroje finančnej pomoci pre európske malé a stredné podniky  |c Elena Fetisovová, Ladislav Nagy 
520 |a Analýza nových finančných nástrojov Spoločenstva pre malé a stredné podniky. Riešenie špecifických problémov malých a stredných podnikov (MSP) EÚ vyplývajúcich z ich obmedzeného prístupu k externým zdrojom financovania. Finančné nástroje Programu pre konkurencieschopnosť a inováciu pre MSP. Význam iniciatívy JEREMIE pre MSP. 
610 2 0 |a pomoc finančná 
610 2 0 |a podnik malý 
610 2 0 |a podnik stredný 
610 2 0 |a kapitál rizikový 
610 2 0 |a nástroje finančné 
610 2 0 |a úver 
610 2 0 |a Európska únia 
100 1 |a Fetisovová, Elena 
700 1 |a Nagy, Ladislav